Normal view
MARC view
- Consejos de participación social
Entry Materia
001 - NÚMERO DE CONTROL DEL REGISTRO
- campo de control: 6960
003 - IDENTIFICADOR DE NUMERO DE CONTROL
- campo de control: MX-MxUPN
005 - FECHA Y HORA DE LA ÚLTIMA TRANSACCIÓN
- campo de control: 20260409110138.0
008 - DATOS DE LONGITUD FIJA
- campo de control de longitud fija: 260409na annnnbabn n ana |d
035 ## - NÚMERO DE CONTROL DEL SISTEMA
- Número de control del sistema: UPN10000006962
040 ## - FUENTE DE LA CATALOGACIÓN
- Centro catalogador de origen: MX-MxUPN
- Lengua de catalogación: spa
150 ## - ENCABEZAMIENTO - TEMÁTICO
- Término de materia o nombre geográfico como elemento inicial: Consejos de participación social
670 ## - FUENTE EN LA QUE SE LOCALIZARON DATOS
- Cita de la fuente: Guía para la integración de consejos de participación social, 1993 :
- Información localizada: portada (Consejos de participación social)
902 ## - CATALOGADOR
- Catalogador: MITM/220501
- Catalogador: VíctorGodínez/090426
